[Event "Malmo"]
[Site "Malmo"]
[Date "1993.??.??"]
[Round "6"]
[White "Romanishin, Oleg M"]
[Black "Petursson, Margeir"]
[Result "0-1"]
[WhiteElo "2590"]
[BlackElo "2560"]
[Annotator "Ftacnik,L"]
[PlyCount "55"]
[EventDate "1993.06.??"]
[EventType "tourn"]
[EventRounds "9"]
[EventCountry "SWE"]
[EventCategory "11"]
[SourceTitle "CBM 036"]
[Source "ChessBase"]
[SourceDate "1993.10.01"]
[SourceVersion "1"]
[SourceVersionDate "1993.10.01"]
[SourceQuality "1"]

1. e4 c5 2. Nc3 Nc6 3. g3 g6 4. Bg2 Bg7 5. d3 d6 6. Nh3 $5 e6 7. O-O Nge7 8.
Be3 b6 9. Qd2 h6 10. Rae1 (10. Nf4 $5) 10... Bb7 11. f4 f5 $1 (11... Qd7 12. f5
$1 gxf5 13. exf5 Nxf5 14. Rxf5 $1 exf5 15. Bxh6+ $40 {Suttles,D-Kavalek,L/
Sousse izt/1967/}) 12. e5 $2 (12. Nf2) 12... dxe5 13. fxe5 g5 $1 (13... Bxe5
14. Bxc5 Bxc3 $2 15. Qxc3 $16) 14. Nb5 $6 Bxe5 15. Bf2 (15. Bxg5 hxg5 16. Rxe5
Nxe5 17. Bxb7 Rb8 $1 $19) 15... Ng6 16. Qd1 O-O 17. c3 a6 18. Na3 Qe7 19. Nc4
g4 $1 (19... Bc7 20. Bd5) 20. Nf4 Bxf4 21. gxf4 b5 22. Nb6 Rad8 23. Qd2 Na5 24.
Bxb7 (24. c4 Nxc4 $1) 24... Nxb7 25. b4 Qd6 26. Qe3 (26. bxc5 Nxc5 27. Bxc5
Qxc5+ 28. Qe3 Qxe3+ 29. Rxe3 Rd6 $19) 26... Qxb6 27. bxc5 Qc6 28. Qxe6+ (28.
Qxe6+ Qxe6 29. Rxe6 Nxf4 $19) 0-1

[Event "Leipzig SGL-16"]
[Site "Leipzig"]
[Date "1977.11.05"]
[Round "7"]
[White "Casper, Thomas"]
[Black "Tompa, Janos"]
[Result "0-1"]
[WhiteElo "2315"]
[BlackElo "2410"]
[Annotator "Fuchs,R"]
[PlyCount "78"]
[EventDate "1977.10.29"]
[EventType "tourn"]
[EventRounds "11"]
[EventCountry "DDR"]
[EventCategory "6"]
[SourceTitle "EXT 2004"]
[Source "ChessBase"]
[SourceDate "2003.11.25"]
[SourceVersion "1"]
[SourceVersionDate "2003.11.25"]
[SourceQuality "1"]

{SCHACH 1/1978 Seiten 6-7} 1. e4 c5 2. Nc3 Nc6 3. g3 g6 4. Bg2 Bg7 5. d3 d6 6.
h4 h6 7. Nh3 e5 8. O-O Be6 9. Nd5 Qd7 10. Kh2 Nce7 $1 11. c4 g5 $5 12. f4 exf4
13. gxf4 Bxd5 14. cxd5 g4 15. Nf2 h5 16. Be3 Bf6 17. d4 Bxh4 18. Nh1 f5 19. e5
{Schwarz blockiert jetzt das Zentrum, doch ist es fraglich} ({ob hier mit} 19.
dxc5 fxe4 {wonach die schwarzen Springer nach f5 und f6 gelangen könnten, mehr
zu erreichen war.}) 19... c4 20. b3 cxb3 21. Qxb3 Nh6 22. Rab1 $6 ({
Aussichtsreicher erscheint hier} 22. e6 Qc7 23. Qb5+ Kf8 24. Rfc1) 22... b6 23.
Rbc1 Rc8 24. Qa3 O-O 25. e6 Qb5 $1 {[#]Von hier aus rüstet die Dame zum
Einfall in die gelockerte weiße Stellung.} 26. Qxa7 $2 ({Wenn jetzt} 26. Qxd6
Rcd8 27. Qa3 Nxd5 28. Bxd5 Rxd5 {drohend 29... De2+. Da die weißen
Zentrumsbauern blockiert werden können, dürfte Schwarz auch hier besser stehen.
Dennoch musste Weiß so spielen, denn sein nächster Zug mündet rasch in eine
Sackgasse.}) 26... Qe2 27. Bf2 Bxf2 28. Qxe7 g3+ $1 29. Nxg3 Bxg3+ 30. Kh1 $6 (
{Weiß verzichtet auf} 30. Kxg3 Rxc1 31. Rxc1 {wegen} Qe3+ {Natürlich ist auch
der Königszug chancenlos, weil Weiß sofort anschließend die Damen tauschen
muss.}) 30... Qg4 31. Qg5+ Qxg5 32. fxg5 Rxc1 33. Rxc1 Bf4 34. Rc6 Ng4 35. Bf1
Ne3 36. Bb5 Nxd5 37. g6 Kg7 38. Bc4 Ne7 39. Rc7 Kf6 0-1

[Event "Bundesliga 9394"]
[Site "Germany"]
[Date "1993.12.05"]
[Round "4.2"]
[White "Casper, Thomas"]
[Black "Glek, Igor Vladimirovich"]
[Result "0-1"]
[WhiteElo "2440"]
[BlackElo "2535"]
[Annotator "Glek,I"]
[PlyCount "84"]
[EventDate "1993.11.06"]
[EventType "team-tourn"]
[EventRounds "15"]
[EventCountry "GER"]
[SourceTitle "CBM 039"]
[Source "ChessBase"]
[SourceDate "1994.04.01"]
[SourceVersion "1"]
[SourceVersionDate "1994.04.01"]
[SourceQuality "1"]
[WhiteTeam "Erfurt"]
[BlackTeam "Bochum"]
[WhiteTeamCountry "GER"]
[BlackTeamCountry "GER"]

1. e4 c5 2. Nc3 Nc6 3. g3 g6 4. Bg2 Bg7 5. d3 d6 6. f4 e6 7. Nf3 Nge7 8. O-O
O-O 9. Be3 Nd4 10. Rb1 d5 $1 $146 (10... Bd7) (10... Nec6) (10... b6) 11. Ne2 (
11. exd5 exd5 $15) 11... Nxf3+ 12. Bxf3 d4 13. Bf2 (13. Bd2 $5 e5 $15 (13... b5
$15)) 13... e5 $1 14. a3 $6 (14. b4 $5 b6 $15) (14. fxe5 Nc6 $15) 14... Bh3 $1
15. Re1 (15. Bg2 Bxg2 16. Kxg2 f5 $1 $36) 15... Qd7 $17 16. fxe5 (16. c4 $5)
16... Nc6 17. Nf4 Nxe5 18. Nxh3 Qxh3 19. Bg2 Qd7 20. Qe2 Rac8 21. Rbd1 b5 22.
Rf1 Bh6 23. h3 Rc6 24. g4 Rfc8 25. Bg3 Qe7 26. Kh1 (26. Bf2 c4 27. Bxd4 cxd3
28. cxd3 Rc2 29. Qe1 Rd8 $17) 26... c4 27. dxc4 Rxc4 28. b3 $8 Rxc2 29. Qxb5
R2c5 30. Qa6 (30. Qa4 Be3 $17) 30... R5c6 31. Qa4 $138 (31. Qb5 Bg7 $1 $17 {
/\ 32...Rb6, 33...Rc3} 32. Rxd4 Nxg4 $17) 31... Be3 $1 $19 32. Bxe5 Qxe5 33.
Qxa7 R8c7 34. Qb8+ Kg7 {/\ Rc2} 35. Rf3 Rc1 36. Rdf1 Rxf1+ 37. Rxf1 d3 38. b4
$138 (38. Qd8 d2 39. Qd3 Rc1 40. Qe2 Qa1 $19) 38... d2 39. b5 Qg3 $1 40. Qd8 (
40. b6 Bf4 $19) 40... Bf4 41. Kg1 Qe3+ 42. Kh1 Rc1 0-1

[Event "RUS-chT 12th"]
[Site "Sochi"]
[Date "2005.04.23"]
[Round "5"]
[White "Bachin, Vitaly"]
[Black "Motylev, Alexander"]
[Result "0-1"]
[WhiteElo "2510"]
[BlackElo "2680"]
[Annotator "Gofshtein,L"]
[PlyCount "114"]
[EventDate "2005.04.19"]
[EventType "team-tourn"]
[EventRounds "11"]
[EventCountry "RUS"]
[SourceTitle "EXT 2020"]
[Source "ChessBase"]
[SourceDate "2019.10.17"]
[SourceVersion "1"]
[SourceVersionDate "2019.10.17"]
[SourceQuality "1"]
[WhiteTeam "Vladivostok Debiut-DVGU"]
[BlackTeam "Sverdlovsk Ural region"]
[WhiteTeamCountry "RUS"]
[BlackTeamCountry "RUS"]

1. e4 c5 2. Nc3 Nc6 3. g3 g6 4. Bg2 Bg7 5. d3 d6 6. f4 e5 (6... e6 {is another
popular line.}) 7. Nf3 (7. Nh3 {After that black played an early e7-e5 white
can choose this plan which is also quite popular, here is one example of how
the game may continue:} Nge7 8. O-O O-O 9. f5 gxf5 10. exf5 f6 (10... Bxf5 11.
Rxf5 Nxf5 12. Be4 Nfd4 13. Qh5 f5 14. Bd5+ Kh8 15. Ng5 h6 16. Qg6 $18) 11. g4
d5 12. Ne2 Kh8 13. Ng3 Ng8 14. Be3 b6 {0-1 Krapivin,V-Filippov,V/Perm 1997/CBM
58/ with an unclear position.}) 7... Nge7 8. Be3 (8. O-O {is the main line,
Black seems to be fine.} O-O 9. f5 $1 {This ambitious move seems to offer
white some initiative, Black has to be quite carefull} (9. Be3 Nd4 10. Qd2 exf4
{A typical exchange in the centre in this variation, Black opens up his
dark-squared bishop and prevents any counterplay connected with f4-f5.} (10...
Bg4 {the idea of this move is to exchange a few pieces and to reduce White's
pressure on the kingside} 11. Nh4 {White tries to avoid the simplification.} (
11. Rf2 Qd7 12. Raf1 exf4 13. Bxf4 Nxf3+ 14. Bxf3 Bxf3 15. Rxf3 b5 16. Bh6 b4
17. Bxg7 Kxg7 18. Nd1 f6 19. Ne3 Qe6 $11 {1/2-1/2 Short,N-Nataf,I/New Delhi/
Teheran 2000/CBM 81/[Donev] (33)}) 11... exf4 12. Bxf4 b5 13. Bg5 f6 14. Be3
Qd7 15. Nd1 Rae8 16. c3 Ndc6 17. Nf2 Be6 {1/2-1/2 Brodsky,M-Neverov,V/Donetsk
1998/CBM 68 (49)}) (10... Rb8 11. Rf2 b5 12. Raf1 b4 13. Nd1 Nxf3+ 14. Rxf3 Bg4
15. R3f2 exf4 16. gxf4 f5 {0-1 Slovineanu,V-Istratescu,A/Bucharest 2001/CBM 82
ext (33) was also fine for black.}) 11. Bxf4 Nxf3+ 12. Rxf3 Qb6 {[%mdl 8]} 13.
Rb1 Be6 14. Bh6 Rae8 15. Bxg7 Kxg7 16. Kh1 f6 $1 $11 {1/2-1/2 Adams,M-Kramnik,
V/Las Vegas 1999/CBM 72/[Donev] (78)}) 9... gxf5 10. Nh4 Nd4 (10... fxe4 {
Black can stick to his extra pawn but White has a fine compensation by
controlling the white squares and a weakened black king} 11. dxe4 f6 12. Nf5
Bxf5 13. exf5 Kh8 14. Nd5 Qd7 (14... Nxd5 15. Bxd5 Qb6 16. c4 Ne7 17. Be6 {
1-0 Markowski,T-Smirin,I/Saint Vincent 2000/CBM 78 (28)}) 15. c3 {0-1 Bujisho,
B-Bacrot,E/Evry FRA 2004/The Week in Chess 482 (51)}) 11. Rf2 (11. Nd5 Nxd5 12.
exd5 f4 13. c3 f3 14. Nxf3 Nxf3+ 15. Qxf3 Bd7 {1/2-1/2 Marzolo,C-Cosma,I/
Chambery 2002/CBM 89 ext (20)}) 11... f4 12. Qh5 Ng6 13. Nf5 Nxf5 14. exf5 Ne7
15. gxf4 Bxf5 16. fxe5 Bg6 17. Qh3 dxe5 18. Bxb7 Rb8 19. Bg2 f5 {0-1
Libiszewski,F-Jobava,B/Oropesa del Mar 2001/EXT 2002 (41) and Black came out
fine out of the complications.}) 8... Nd4 9. h3 {White plays rather slowly,
awaiting with a castling.} b5 {Black also saves time on the castling and
starts an immediate counterplay.} 10. O-O (10. Bxd4 $2 {The pawn is
untouchable of course} cxd4 11. Nxb5 $4 Qa5+ $19) 10... b4 11. Nd5 (11. Ne2 $2
Nxf3+ 12. Rxf3 exf4 13. gxf4 Bxb2 14. Rb1 Bg7 {and black has a healthy extra
pawn.}) 11... Nxd5 12. exd5 Nxf3+ (12... O-O $6 {If black doesn't exchange the
knights} 13. fxe5 dxe5 14. c3 {White can try to exploit the weakness of the
pawn on c5, which assures White an advantage.}) 13. Qxf3 O-O 14. Rab1 $6 {
a passive move} (14. fxe5 {is interesting} Bxe5 15. Bh6 Bxb2 $1 {sacrificing
an exchange is the right choice} (15... Bg7 {holding on to material with this
move, doesn't bring to equality, as after} 16. Bxg7 Kxg7 17. a3 {White is
clearly better, for example} bxa3 18. Rxa3 Bd7 19. Qf4 {and the position is
very unpleasent for Black, as he has many weaknesses.}) 16. Bxf8 Qxf8 17. Rae1
Be5 {Black has a fine compensation for the sacrificed exchange, White's rooks
are not useful in this position and the position remains about equal.}) 14...
f5 {Black camen out fine out of the opening and he is ready to launch his own
counterplay.} 15. a4 $5 {An interesting idea, White gets rid of the weak pawn
on a2, by exploting the fact that exchanging on a3 favours white.} exf4 (15...
e4 $1 {was a surprising idea, leading to an interesting strugle which favours
Black.} 16. dxe4 fxe4 17. Qd1 (17. Qe2 Qa5 18. Qb5 Qxb5 19. axb5 Rb8 20. Rfe1
Rxb5 21. Bc1 Re8 22. Kh2 Rb7 {Black has a serious advantage as it's not easy
for White to win the pawn back.}) (17. Qxe4 $4 Re8 18. Qf3 Rxe3 $1 {is the
pointe}) 17... Qd7 18. b3 Ba6 19. Rf2 Rae8 {and black is better.}) 16. Bxf4 g5
17. Bd2 Bd7 18. b3 Qf6 19. Rbe1 {the position is slightly better for Black.}
Rae8 20. Qd1 (20. Rxe8 {White should probably initiate some simplifications.}
Rxe8 21. Re1 Rxe1+ 22. Bxe1 Qb2 23. Qe2 {and Black has a slight edge.}) 20...
Qg6 {Black prepares Bg7-e5.} 21. Bf3 {The bishop heads to h5.} g4 22. Bh1 Rxe1
23. Qxe1 Re8 24. Qd1 h5 (24... gxh3 25. Kh2 Be5 26. Bf4 {and White still holds
on.}) 25. Bf4 Bc3 26. Kh2 Qf6 27. h4 {The position has stabilized, Black is a
little better as he controls the e-file and has more space, but White has a
solid position and it's not easy for Black to find a way to break through.} Bc8
28. Bg2 Kh7 29. Bd2 Qe5 30. Bf4 (30. Bxc3 $2 Qxc3 (30... bxc3 {is also strong})
31. Qc1 {trying to bring the queen to g5 and to draw with perpetual check is
not working} Re2 32. Qg5 Qd2 $1 {an elegant solution} (32... Qxc2 {is also
possible} 33. Qxh5+ Kg7 34. Qg5+ Kf7 35. Rxf5+ Bxf5 36. Qxf5+ Ke7 37. Qg5+ Kd7
38. Qxg4+ Kc7 {and Black escapes the checks}) 33. Qxh5+ Kg7 34. Rg1 Re5 {
restricting the white queen.} 35. Qg5+ Qxg5 36. hxg5 Re2 37. Rc1 Kg6 {with
great advantage.}) 30... Qf6 31. Bd2 Qe5 32. Bf4 Qe7 {Obviously, black avoids
the repetition.} 33. Qc1 a5 34. Bd2 $2 {White should have avoided the exchange
of bishops, but even in that case black is clearly better.} Bxd2 35. Qxd2 Qe3
36. Qd1 (36. Qxe3 Rxe3 37. Rf2 Kg6 {White doesn't have any moves} 38. Bh1 Bb7
39. Bg2 Re5 {winning}) 36... Kg6 37. Qa1 Qd2 {Black penetrates in the white
camp, the game is close to the finish.} 38. Rd1 Qe3 (38... Qxc2 $6 {Black
decided not to take the pawn as white can complicate matters after} 39. Re1 $1
Rxe1 40. Qxe1 Kf7 41. Qe3) 39. Rf1 Re5 {Black has a total domination.} 40. c3 {
A desperation, other moves lose as well.} (40. Qc1 Qxc1 41. Rxc1 Bb7 $19) 40...
Qxd3 41. cxb4 axb4 42. Qc1 (42. a5 Qxb3 43. a6 Re2) 42... Qe3 $2 {Probably
around here Black felt too sure in his victory and starts to play uncarefully.}
(42... Re3 {finishes the game at once.}) 43. Qc4 Qd2 $2 (43... Bb7 {still
leading to a comfortable win} 44. Qb5 Bxd5 45. Qb8 Bxb3 46. Qxd6+ Re6 47. Qd8
Rf6 {and so on.}) 44. Qb5 Re2 {Now white had a miracle chance to save himself.}
45. Rg1 $2 (45. Rf2 $3 {and after the forced} Rxf2 46. Qe8+ Kf6 47. Qf8+ {
the perpetual is inevitable.}) 45... f4 {Now the game is really over.} 46. Qb8
f3 47. Qxd6+ Be6 48. Kh1 Qxd5 49. Qf8 Rxg2 50. Rxg2 fxg2+ 51. Kh2 Qd4 52. Qe8+
Bf7 53. Qc6+ Kg7 54. Qxg2 Bxb3 55. a5 Bd5 56. Qe2 Qe4 57. Qf1 Qf3 0-1

[Event "SCG-ch 1st"]
[Site "Kopaonik"]
[Date "2005.04.06"]
[Round "5"]
[White "Kovacevic, Aleksandar"]
[Black "Nadj Hedjesi, Balind"]
[Result "1-0"]
[WhiteElo "2550"]
[BlackElo "2392"]
[Annotator "Gofshtein,L"]
[PlyCount "77"]
[EventDate "2005.04.02"]
[EventType "tourn"]
[EventRounds "13"]
[EventCountry "YUG"]
[EventCategory "11"]
[SourceTitle "CBM 107"]
[Source "ChessBase"]
[SourceDate "2005.08.01"]
[SourceVersion "1"]
[SourceVersionDate "2005.08.01"]
[SourceQuality "1"]

1. e4 c5 2. Nc3 d6 3. f4 g6 4. Nf3 Bg7 5. g3 {There is also another way to
treat this position - 5.Bc4. Black gets a fine counterplay - see the game
below.} (5. Bc4 Nc6 6. d3 e6 7. a3 Nge7 8. Ba2 d5 9. Bd2 b6 10. O-O O-O 11. Qe1
Nd4 12. Nxd4 cxd4 13. Nd1 dxe4 14. dxe4 Ba6 $132 {0-1 Macieja,B-Gelfand,B/
Bermuda 2004/CBM 099 (33)}) 5... Nc6 6. Bg2 Nf6 {6...e5 deserves attention
transposing to a Botvinnik system in the closed sicilian variation, which is
deservedly has a good reputation} (6... e5 $5 7. O-O Nge7 8. d3 O-O 9. Be3 Nd4
10. Qd2 {Donev: Weiß hat seine Kräfte im Zentrum sehr harmonisch entwickelt.
Jetzt kann er die Türme auf der f-Linie verdoppeln (Rf2, Raf1) und allmählich
den Angriff am Königsflügel vorbereiten.} exf4 11. Bxf4 Nxf3+ 12. Rxf3 Qb6 $1 {
Die schwarze Dame übt einen unangenehmen Druck auf den schwachen b2-Bauern aus.
Dadurch wird der weiße Turm für lange Zeit an b1 gebunden um den Bauern b2 zu
decken.} 13. Rb1 Be6 14. Bh6 {Jetzt ist es höchste Zeit den schwarzfeldrigen
Läufer abzutauschen. Auf diese Weise wird nicht nur eine starke schwarze Figur
abgetauscht, die einen starken Druck auf der großen Diagonale (a1-h8) ausübt,
sondern auch die schwarzen Felder um den König abschwächt.} Rae8 15. Bxg7 Kxg7
16. Kh1 f6 $1 {Ein typischer Zug für eine solche Stellungsart. Nach dem
Abtausch des schwarzfarbigen Fianchettoläufers stellt der Nachziehende seine
Bauern am Königsflügel am besten auf schwarzfarbige Felder.} 17. a3 d5 $11 {
1/2-1/2 Adams,M-Kramnik,V/Las Vegas 1999/CBM 072/[Donev] (78)}) 7. O-O O-O 8.
d3 {Donev: In den letzten Jahren hat der englische Großmeister die
geschlossene Variante der Sizilianischen Partie fest in sein
Eröffnungsrepertoire integriert.} Bd7 {8...Rb8 deserves attention, preparing
b7-b5 in order to gain space on the queenside.} (8... Rb8 $5 {[%cal Yb7b5]} 9.
Nh4 (9. h3 b5 10. a3 (10. g4 {Die kritische Eröffnungsstellung. Typisch für
die geschlossene Variante der Sizilianischen Partie ist der weiße Angriff am
Königsflügel. Hier hat Weiß Raumvorteil und kann sich leicht zur Attacke
umgruppieren. Ein möglicher Plan wäre f4-f5, Qe1-h4 nebst Bc1-h6 und Nf3-g5
und die Lage des schwarzen Monarchen wird allmählich gefärdet.} b4 11. Ne2 c4
12. Be3 Ba6 13. Ned4 Nxd4 14. Bxd4 Qc7 $14 {1-0 Smyslov,V-Taimanov,M/Moscow
1959/MCD (27)}) 10... a5 11. Be3 b4 12. axb4 axb4 13. Ne2 Ne8 $5 14. Rb1 Nc7
15. f5 Nb5 16. Qd2 Nbd4 17. Nh4 Nxe2+ 18. Qxe2 Ne5 19. Nf3 Nxf3+ 20. Qxf3 Bb7
$132 {1/2-1/2 Reshevsky,S-Kortschnoj,V/Amsterdam 1968/Candidates (40)}) 9...
Nd4 10. f5 b5 11. Bg5 b4 12. Nb1 Nd7 13. Nd2 Ne5 $132 {1-0 Spassky,B-Geller,E/
Sukhumi 1968/Candidates (37)}) 9. h3 Qc8 (9... Rb8 $5 {[%cal Rb7b5]}) 10. Kh2
Nd4 $6 {A dubious move, as a result of an exchange in the centre, Black gets a
weakness on d4.} (10... Ne8 11. Be3 Nc7 12. g4 Ne6 13. f5 Ned4 14. Qd2 Nxf3+
$132 {1-0 Heimerdinger,J-Werner,R/Hermannen 1997/EXT 2001 (61)}) (10... Rb8 11.
Be3 b5 12. e5 Ne8 13. exd6 exd6 14. d4 $14 {1-0 Artz,F-Schindzielorz,S/
Hassloch 1997/EXT 2001 (67)}) (10... e5 11. Be3 Rb8 12. Qd2 b5 13. fxe5 Nxe5
$16 {1-0 Koponen,J-Levomaki,R/Finland 1990/EXT 97 (42)}) 11. Nxd4 cxd4 12. Ne2
e5 13. c3 $5 {White tries to bring to the game his passive knight.} dxc3 14.
Nxc3 Bc6 {Black finds it very difficult to prevent the advance f4-f5.} (14...
Be6 15. Qf3 {[%cal Gf4f5]}) 15. f5 {White immediately starts an attack on the
kingside. It was also worth considering to finish the development at first
with 15.Be3 and 16.Qd2 and then starting the activity on the kingside.} (15.
Be3 $5 Qe6 16. Qd2 d5 17. fxe5 Qxe5 18. d4 Qe6 19. e5 $16) 15... Qd7 16. g4 h6
{Black prevents a further expansion of the white pawns on the kingside.} 17. g5
hxg5 18. Bxg5 Nh7 $5 {This way Black throws back White's active bishop.} 19.
Be3 g5 $2 {A positional error. 19...Nf6 deserved attention, keeping the
pressure and preparing counterplay in the centre with d6-d5.} (19... Nf6 $5)
20. h4 $6 {White hurries. 20.Qf3 looks better, with a further Rad1, and
finishing the development.} (20. Qf3 $16) 20... f6 $6 {Too passive. 20...gxh4
was essential with chances for a stubborn defense.} (20... gxh4 $5 21. Qg4 Qe7
22. Bf2 Qg5 $132) 21. Bf3 $1 {[%cal Gf3h5,Yh5g6] White transfers the bishop to
an active position.} Kf7 {Black tries to escape with the king from the danger
area.} 22. Qb3+ Ke7 23. h5 $16 Bh6 24. Bg4 {White blocks the g-pawn and keeps
the black knight and bishop out of play.} Rfd8 25. d4 $18 {White strengthens
his pressure. The black king finds it difficult to a find a safe place.} b6 26.
Rac1 Qb7 27. Be2 {[%cal Re2b5] White transfers the bishop to an active
diagonal f1-a6.} exd4 28. Bxd4 Kf8 29. Nd5 $18 Re8 30. Rxc6 $1 Qxc6 31. Bb5 Qc8
32. Bxe8 Qxe8 33. Qf3 Rc8 34. Bc3 Rc4 35. Re1 {White is totally dominating
without aloowing Black any activity.} Bg7 36. Kg2 Qa4 37. h6 $1 Bh8 (37... Bxh6
38. Qh5 Bg7 39. Qxh7) 38. Qd3 Rc6 39. Nb4 1-0